Decision Making Skills (Record no. 343887)

000 -LEADER
fixed length control field 00747 a2200229 4500
003 - CONTROL NUMBER IDENTIFIER
control field OSt
005 - DATE AND TIME OF LATEST TRANSACTION
control field 20180116182656.0
008 - FIXED-LENGTH DATA ELEMENTS--GENERAL INFORMATION
fixed length control field 170823b xxu||||| |||| 00| 0 eng d
020 ## - INTERNATIONAL STANDARD BOOK NUMBER
International Standard Book Number 8121921945
020 ## - INTERNATIONAL STANDARD BOOK NUMBER
International Standard Book Number 9788121921947
040 ## - CATALOGING SOURCE
Transcribing agency 0
082 ## - DEWEY DECIMAL CLASSIFICATION NUMBER
Classification number 373.18019 LAL 2003
100 1# - MAIN ENTRY--PERSONAL NAME
Personal name Madhurima Lall
245 10 - TITLE STATEMENT
Title Decision Making Skills
Statement of responsibility, etc. Madhurima Lall
260 ## - PUBLICATION, DISTRIBUTION, ETC.
Place of publication, distribution, etc. New Delhi
Name of publisher, distributor, etc. S. Chand & Company Ltd.
Date of publication, distribution, etc. 2003.
300 ## - PHYSICAL DESCRIPTION
Extent 349 p.
Other physical details pb
440 ## - SERIES STATEMENT/ADDED ENTRY--TITLE
Title Decision Making Skills
500 ## - GENERAL NOTE
General note Paperback.
856 40 - ELECTRONIC LOCATION AND ACCESS
Materials specified Amazon.com
Uniform Resource Identifier <a href="http://www.amazon.com/exec/obidos/ASIN/8121921945/chopaconline-20">http://www.amazon.com/exec/obidos/ASIN/8121921945/chopaconline-20</a>
856 40 - ELECTRONIC LOCATION AND ACCESS
Materials specified Amazon customer reviews
Uniform Resource Identifier <a href="http://www.chopac.org/cgi-bin/tools/azrev.pl?q=8121921945">http://www.chopac.org/cgi-bin/tools/azrev.pl?q=8121921945</a>
942 ## - ADDED ENTRY ELEMENTS (KOHA)
Institution code [OBSOLETE] NBS
Koha item type Book
Call number prefix 373.018019 LAL 2003
Source of classification or shelving scheme
Holdings
Withdrawn status Lost status Damaged status Not for loan Permanent Location Current Location Date acquired Total Checkouts Full call number Barcode Date last seen Date last checked out Price effective from Koha item type
        Central Library (CL) Central Library (CL) 08/28/2013 3 373018019 LAL NBS6767 12/24/2018 11/23/2018 08/28/2013 Book
© 2023 Central Library, National University of Sciences and Technology. All Rights Reserved.